000 00508nam a2200145Ia 4500
008 230917s9999||||xx |||||||||||||| ||und||
040 _e158603
_aMAIN
041 _aEnglish
082 _a891.43172109 SK19:SA
100 _aसाहु, अमिय कुमार
245 0 _aरघुवीर सहाय और श्रीकान्त वर्मा की कविता
260 _aदिल्ली
_bसंजय प्रकाशन
_c2005
300 _a110 पृ. p.
942 _cHN
999 _c131538
_d131538